| 000 | 00554nam a2200193Ia 4500 | ||
|---|---|---|---|
| 003 | BUBTL | ||
| 008 | 151213s9999 xx 000 0 und d | ||
| 020 | _a0201512858 | ||
| 082 | _a658.4/ B265g/ 1996 | ||
| 100 |
_aJ B. Barney _93134 |
||
| 245 |
_aGaining &Sustaining Competitive Advantage _cJ B. Barney |
||
| 260 |
_aTokeyo _bAddison Wesley _cc1996 |
||
| 300 |
_a[xxi] , 570p . : _bill . Table ; 23cm. |
||
| 500 | _aIncludes Index | ||
| 650 |
_aMarketing _93135 |
||
| 856 |
_k0 _l0 _yDownload |
||
| 942 |
_2ddc _cBK |
||
| 999 |
_c1812 _d1812 |
||